| 000 | 00775nam a22002297a 4500 | ||
|---|---|---|---|
| 005 | 20230302102613.0 | ||
| 008 | 230302b mx ||||| |||| 00| 0 spa d | ||
| 050 | 0 | 4 |
_aT60.T5 _bA58 1973 |
| 100 | 1 |
_aAntis, William, _eautor |
|
| 240 | 1 | 4 |
_aThe Basic Motions of MTM. _lEspañol |
| 245 | 1 | 4 |
_aLos movimientos básicos del MTM _c / William Antis, John M. Honeycutt, Jr., Edward n. Koch. |
| 250 | _a1a ed. | ||
| 260 |
_aMéxico : _bHerrero Hermanos Sucs., _c1973 |
||
| 300 |
_axix, pv. : _bil. ; _c23 cm. |
||
| 504 | _aIncluye bibliografía | ||
| 650 | 4 | _aEstudio del movimiento | |
| 650 | 4 | _aEstudio del tiempo | |
| 650 | 4 | _aMedición de métodos-tiempo | |
| 700 | 1 |
_aHoneycutt, Jr., John m., _eautor |
|
| 700 | 1 |
_aKoch, edward N., _eautor |
|
| 942 |
_2lcc _cLIB |
||
| 999 |
_c166417 _d166415 |
||